Masová komunikácia, masmédiá a informačná spoločnosť

Bibliographic Details
Main Author: Rankov, Pavol, 1964- (Author)
Format: Book
Language:Slovak
PhysicalDescription:82 s. sch. 20 cm
Published: Levice Koloman Kertész Bagala L.C.A. Publishers Group 2002
ISBN:8088897890
Edition:1. vyd.
Subjects:

MARC

LEADER 00000nam a2200000 a 4500
001 vtls001448575
003 SK-MaSNL
005 20260301203052.0
008 240315s2002 xo g 0000yyslo
015 |a SNBA2003/07-02360 
020 |a 8088897890 
035 |a SNK000403840 
040 |a SNK  |b slo  |c SNK  |e AACR2 
044 |a xo  |c SK 
072 7 |a 659  |x Reklama. Public relations. Médiá  |2 konspekt 
072 7 |a 316.4/.7  |x Sociálne interakcie  |2 konspekt 
080 |a 316.772.4  |2 1981 
080 |a 659.3  |2 1981 
080 |a 659.1  |2 1981 
080 |a 7.011  |2 1981 
080 |a (035)  |2 1981 
100 1 |a Rankov, Pavol,  |d 1964-  |4 aut  |9 200298 
245 1 |a Masová komunikácia, masmédiá a informačná spoločnosť  |c Pavol Rankov 
250 |a 1. vyd. 
260 |a Levice  |b Koloman Kertész Bagala  |b L.C.A. Publishers Group  |c 2002 
300 |a 82 s.  |b sch.  |c 20 cm 
504 |a Bibliogr. s. 79-83 
650 0 7 |a masová komunikácia  |2 SNKPH  |9 1423 
650 0 7 |a masmédiá  |2 SNKPH  |9 1418 
650 0 7 |a reklama a propagácia  |2 SNKPH  |9 66573 
650 0 7 |a masová kultúra  |2 SNKPH  |9 29544 
655 7 |a príručky  |2 SNKPH  |9 74364 
919 |a 80-88897-89-0 
968 |d 30/31 
999 |c 901247  |d 903177 
952 |t P60, <03>, [BOOK], {603}  |a SNK  |b SNK  |y PREZ  |7 0  |p 17A0372653  |o snkSD 72677  |i snkKSP 1335/2003  |0 0  |1 0  |4 0  |d 2003-02-03  |l 0  |r 2025-11-20 00:00:00  |w 2026-02-24 
952 |a SNK  |b SNK  |y VYP  |7 0  |p 17A0372654  |o snkSD 72677 D1  |i snkKSP 1336/2003  |0 0  |1 0  |4 0  |d 2003-02-03  |l 0  |r 2005-01-02 00:00:00  |w 2026-02-24